पूर्वी और दक्षिण-पूर्वी एरिया का आधुनिक इतिहास / (Record no. 120395)

MARC details
000 -LEADER
fixed length control field 01353nam a22002657a 4500
005 - DATE AND TIME OF LATEST TRANSACTION
control field 20170124103157.0
010 ## - LIBRARY OF CONGRESS CONTROL NUMBER
LC control number A-613333
020 ## - INTERNATIONAL STANDARD BOOK NUMBER
Terms of availability 63.00
035 ## - SYSTEM CONTROL NUMBER
System control number A-613333
037 ## - SOURCE OF ACQUISITION
Source of stock number/acquisition Cen Lib/Ret
040 ## - CATALOGING SOURCE
Original cataloging agency DPL
Language of cataloging HN
082 ## - DEWEY DECIMAL CLASSIFICATION NUMBER
Classification number 950
Item number सत्यके
100 ## - MAIN ENTRY--PERSONAL NAME
Personal name सत्यकेतु विधालंकार
9 (RLIN) 43407
245 ## - TITLE STATEMENT
Title पूर्वी और दक्षिण-पूर्वी एरिया का आधुनिक इतिहास /
Statement of responsibility, etc सत्यकेतु विधालंकार
246 ## - VARYING FORM OF TITLE
Title proper/short title Purvi aur dakshin-purvi area ka adhunik itihas /
Remainder of title by Satyketu Vidhalankar
260 ## - PUBLICATION, DISTRIBUTION, ETC. (IMPRINT)
Place of publication, distribution, etc नई दिल्ली
Name of publisher, distributor, etc सरस्वती सदन
Date of publication, distribution, etc 1992
270 ## - ADDRESS
Address ए-1/32, सफदरजं इन्क्लेव
City नई दिल्ली
Postal code 110029
300 ## - PHYSICAL DESCRIPTION
Extent 596पृ.
Dimensions 21सेमी(सजिल्द)
500 ## - GENERAL NOTE
General note अनुक्रमणिका शामिल
650 ## - SUBJECT ADDED ENTRY--TOPICAL TERM
Topical term or geographic name as entry element पूर्वी और दक्षिण-पूर्वी एरिया--आधुनिक इतिहास
9 (RLIN) 90226
650 ## - SUBJECT ADDED ENTRY--TOPICAL TERM
Topical term or geographic name as entry element यूरोप और चीन का संपर्क
9 (RLIN) 82700
650 ## - SUBJECT ADDED ENTRY--TOPICAL TERM
Topical term or geographic name as entry element Eastern and south-eastern area--Modern History
9 (RLIN) 90227
650 ## - SUBJECT ADDED ENTRY--TOPICAL TERM
Topical term or geographic name as entry element Europe and China contact
9 (RLIN) 90228
942 ## - ADDED ENTRY ELEMENTS (KOHA)
Source of classification or shelving scheme Dewey Decimal Classification
Koha item type Hindi Books
Classification part 950
Call number suffix सत्यके
Holdings
Withdrawn status Lost status Damaged status Not for loan Home library Current library Date acquired Source of acquisition Cost, normal purchase price Total Checkouts Full call number Barcode Date last seen Copy number Cost, replacement price Price effective from Koha item type
  Lost and Paid For     Central Library Central Library 22/09/2015 Cen Lib/Ret 63.00   950 सत्यके A-613333 22/09/2015 1 63.00 22/09/2015 Hindi Books

© Delhi Public Library
Hit Counter
free hit counter